| 000 | 00591nam a2200205Ia 4500 | ||
|---|---|---|---|
| 005 | 20250508150900.0 | ||
| 008 | 008 250505s9999 xx 000 0 eng d | ||
| 037 | _aTextual | ||
| 040 |
_aFEDL _beng _cFEDL |
||
| 041 |
_aeng _2eng |
||
| 084 |
_a155.413, PIA _qFEDL |
||
| 100 | _aPiaget Jean | ||
| 245 | 0 | _aPlay, dreams and imitation in chikdhood | |
| 260 |
_aMelbourne, USA _bWilliam Heinemann Ltd. _c1951 |
||
| 300 | _aix,296p | ||
| 490 | _aThe Heinemann education series | ||
| 650 | _aChild psychology | ||
| 942 |
_cTEXL _h155.413, PIA |
||
| 999 |
_c1326296 _d1326296 |
||